000 00493nam a2200181Ia 4500
008 100920s9999 xx 000 0 und d
082 _b20308
_a6 थ 68
100 _aCHANDER KRISHAN.
245 _aMr. ASS COMES TO TOWN.
260 _bHIND POCKET BOOKS (P) LTD, DELHI.
_c1968
300 _a167
_bसाधी
365 _b0
520 _aई.एल. एफ.
630 _aMr. ASS COMES TO TOWN.
650 _aई.एल. एफ.
730 _aMr. ASS COMES TO TOWN.
942 _cBOOK
999 _c680964
_d680961